แสดงรายละเอียดบรรณานุกรม
  กลับหน้าหลัก

Brief Record : Get Marc (ISO 2709) : E-mail record : QR code ปิดหน้าต่าง
E-books : เกี่ยวกับ Collections
LEADER 00000nam 2200000uu 4500
001    213179
003     ULIBM
008    020711s2558 th a 000 0 tha d
020    9786167287119
041    ^atha
060  4 W 62 ค695 2558
245    คู่มือทักษะการสื่อสารสำหรับครู/^cบรรณาธิการ ชิษณุ พันธุ์เจริญ, จรุงจิตร์ งามไพบูลย์
250    พิมพ์ครั้งที่ 2
260    กรุงเทพฯ :^bศูนย์ฝึกอบรมทักษะการสื่อสาร ฝ่ายกุมารเวชศาสตร์ โรงพยาบาลจุฬาลงกรณ์,^c2558
300    104 หน้า ;^c19 ซม.
650  4 การสื่อสาร^xคู่มือ
650  4 ^aการสื่อสารทางการพยาบาล^xคู่มือ
650  4 ^aครูพยาบาล^xคู่มือ
700 0  ^aชิษณุ พันธุ์เจริญ,^eบรรณาธิการ
700 0  ^aจรุงจิตร์ งามไพบูลย์,^eบรรณาธิการ
710 2  ^aโรงพยาบาลจุฬาลงกรณ์. ฝ่ายกุมารเวชศาสตร์ ศูนย์ฝึกอบรมทักษะการสื่อสาร
999    ^aใช้งานได้ทุกระบบ
รายการนี้ยังไม่มีแท็ก
คุณยังไม่ได้ล็อกอิน คุณสามารถมีกิจกรรมร่วมกับเว็บไซต์ได้ แต่ต้องล็อกอินก่อน ::
  ล็อกอิน
ลำดับที่ ประเภท เลขเรียก สถานที่ สถานะ
1. หนังสือทั่วไป
หนังสือทั่วไป
W 62 ค695 2558 ฉ.1 
  
หนังสือทั่วไป On Shelf
  ขอยืม
2. หนังสือทั่วไป
หนังสือทั่วไป
W 62 ค695 2558 ฉ.2 
  
หนังสือทั่วไป On Shelf
  ขอยืม
   [แสดง 2/2 รายการ]

BibComment


ยังไม่เคยถูกคอมเมนท์

คอมเมนท์ทรัพยากรรายการนี้
  คอมเมนท์: คู่มือทักษะการสื่..
Bib 213179

 
 
 

 Union Library Management : ULibM
Copyright 2026. All Rights Reserved.
скачать бесплатно без регистрации порно красивый секс HD Sex Hindi sex

xxx gou

xxxx

bfxxx

xxxwww

Секса Видео

xxxx

Секса Видео

detube

geilexxx

C99 Shell

worms shell

blod xxx video
Ebony Coed Rihanna Rimes Takes A Dick In Her Young Twat priyaa indian fuck anal and pusssy hardcore indian women xxx desi hardcore fucking part 1 bengalixxxcouple